| 000 | 00349nam a2200133Ia 4500 | ||
|---|---|---|---|
| 005 | 20250424120251.0 | ||
| 008 | 250424s9999 xx 000 0 und d | ||
| 022 | _a11167238 | ||
| 245 | 0 | _aInternational journal of social and policy issues | |
| 260 | _aAbeokuta | ||
| 260 | _bThe Development of Universal Consortia | ||
| 260 | _c2011 | ||
| 942 | _cSR | ||
| 999 |
_c38333 _d38333 |
||